[Event "15. Obert Int. Sant Martí 2013 - B"]
[Site "Barcelona ESP"]
[Date "2013.07.16"]
[Round "4.20"]
[White "Perez Cuadrado, Eduardo"]
[Black "Alfara Ayllon, Jose Luis"]
[Result "0-1"]
[WhiteElo "1783"]
[BlackElo "1940"]
[PlyCount "88"]
[EventDate "2013.07.13"]
[EventType "swiss"]
[EventRounds "9"]
[EventCountry "ESP"]
[SourceTitle "Ajedrez en Madrid"]
[Source "lmi"]
[SourceDate "2013.07.13"]
[SourceVersion "1"]
[SourceVersionDate "2019.06.21"]
[SourceQuality "1"]

1. e4 c5 2. Nf3 d6 3. d4 cxd4 4. Nxd4 Nf6 5. Nc3 a6 6. Be2 e5 7. Nb3 Be6 8. O-O
Be7 9. Be3 Nbd7 10. f3 O-O 11. Nd5 Nxd5 12. exd5 Bf5 13. Bd3 Bxd3 14. Qxd3 Rc8
15. f4 Bf6 16. c3 Nb6 17. Rf3 Nc4 18. Rh3 g6 19. Rb1 Re8 20. f5 Qd7 21. fxg6
fxg6 22. Rf1 Bg7 23. Bc1 b5 24. Nd2 Nxd2 25. Bxd2 Rf8 26. Rhf3 Rxf3 27. Rxf3
Qg4 28. h3 Qa4 29. Qb1 Qc4 30. Qf1 Qxd5 31. Rd3 Qe6 32. Bg5 d5 33. Qd1 d4 34.
Rd2 Qxa2 35. b4 Qe6 36. cxd4 exd4 37. Re2 Qd5 38. Qe1 Qxg5 39. Re8+ Rxe8 40.
Qxe8+ Bf8 41. Qe6+ Kg7 42. Qd7+ Be7 43. Qxd4+ Qf6 44. Qe4 Qd6 0-1

[Event "15. Obert Int. Sant Martí 2013 - B"]
[Site "Barcelona ESP"]
[Date "2013.07.16"]
[Round "4.21"]
[White "Riera Danes, Manel"]
[Black "Alquezar Calpena, Marc"]
[Result "1-0"]
[WhiteElo "1930"]
[BlackElo "1775"]
[PlyCount "59"]
[EventDate "2013.07.13"]
[EventType "swiss"]
[EventRounds "9"]
[EventCountry "ESP"]
[SourceTitle "Ajedrez en Madrid"]
[Source "lmi"]
[SourceDate "2013.07.13"]
[SourceVersion "1"]
[SourceVersionDate "2019.06.21"]
[SourceQuality "1"]

1. e4 c5 2. Nf3 Nc6 3. d4 cxd4 4. Nxd4 Nf6 5. Nc3 e6 6. a3 Bc5 7. Nb3 Be7 8.
Be3 a6 9. Be2 b5 10. O-O Bb7 11. Bf3 Ne5 12. Be2 Nxe4 13. Nxe4 Bxe4 14. Qd4
Bxc2 15. Qxe5 Bxb3 16. Qxg7 Bf6 17. Qg3 Bd5 18. Bc5 Rc8 19. Bd6 Bxb2 20. Rad1
Bc4 21. Rfe1 Qf6 22. Bf3 Bb3 23. Rb1 Bc3 24. Rbc1 Bc4 25. Re4 Bb3 26. Rg4 Rf8
27. Rg8 Qh6 28. Rxf8+ Qxf8 29. Bxf8 Be1 30. Bd6 1-0

[Event "15. Obert Int. Sant Martí 2013 - B"]
[Site "Barcelona ESP"]
[Date "2013.07.16"]
[Round "4.22"]
[White "Gonzalez Edo, David"]
[Black "Varela La Madrid, Maria"]
[Result "0-1"]
[WhiteElo "1777"]
[BlackElo "1927"]
[PlyCount "74"]
[EventDate "2013.07.13"]
[EventType "swiss"]
[EventRounds "9"]
[EventCountry "ESP"]
[SourceTitle "Ajedrez en Madrid"]
[Source "lmi"]
[SourceDate "2013.07.13"]
[SourceVersion "1"]
[SourceVersionDate "2019.06.21"]
[SourceQuality "1"]

1. d4 Nf6 2. Nf3 g6 3. c4 c5 4. Bf4 Bg7 5. e3 b5 6. cxb5 a6 7. Nc3 O-O 8. Be2
axb5 9. Nxb5 Qa5+ 10. Qd2 Qxd2+ 11. Nxd2 Nc6 12. Nf3 Nd5 13. O-O Nxf4 14. exf4
Nxd4 15. Nbxd4 cxd4 16. a4 d6 17. Bc4 Ba6 18. Bxa6 Rxa6 19. b4 e5 20. fxe5 dxe5
21. Rfe1 Rc8 22. Nxe5 Bxe5 23. Rxe5 Rxa4 24. Rd1 Rxb4 25. Rd5 Rcc4 26. Kf1 Kg7
27. Rd3 Kf6 28. Ke2 Ke6 29. Rd8 Rc2+ 30. Kf3 Rbb2 31. R3xd4 Rxf2+ 32. Ke3 Rbe2+
33. Kd3 Rd2+ 34. Ke3 Rde2+ 35. Kd3 Ra2 36. g4 Rxh2 37. Ke3 Rh3+ 0-1

[Event "15. Obert Int. Sant Martí 2013 - B"]
[Site "Barcelona ESP"]
[Date "2013.07.16"]
[Round "4.23"]
[White "Hernando Rodrigo, Lourdes"]
[Black "Diaz Nieto, Alberto"]
[Result "0-1"]
[WhiteElo "1777"]
[BlackElo "1918"]
[PlyCount "90"]
[EventDate "2013.07.13"]
[EventType "swiss"]
[EventRounds "9"]
[EventCountry "ESP"]
[SourceTitle "Ajedrez en Madrid"]
[Source "lmi"]
[SourceDate "2013.07.13"]
[SourceVersion "1"]
[SourceVersionDate "2019.06.21"]
[SourceQuality "1"]

1. d4 d5 2. Nf3 Nf6 3. e3 e6 4. Bd3 c5 5. c3 Nc6 6. Nbd2 Bd6 7. O-O O-O 8. dxc5
Bxc5 9. e4 e5 10. exd5 Nxd5 11. Ne4 Be7 12. Nfg5 Bf5 13. Qe2 h6 14. Nf3 Bg4 15.
Rd1 Qc7 16. Bc2 Rad8 17. Ng3 Nf6 18. h3 Be6 19. Re1 Bd6 20. Nf5 e4 21. Nxd6
exf3 22. Nb5 Qb6 23. gxf3 a6 24. Na3 Bxh3 25. Kh2 Be6 26. Rg1 Qc7+ 27. Kh1 Rd5
28. Rg2 Re8 29. Be3 Rh5+ 30. Kg1 Bh3 31. Rg3 Nd5 32. Qd3 Nf6 33. Rd1 Rd8 34.
Qe2 Rxd1+ 35. Qxd1 Nd5 36. Qd3 Nf6 37. Nc4 Bf5 38. Qd2 Bxc2 39. Qxc2 b5 40. Nd2
Nd5 41. Kg2 Qe5 42. Qd3 f5 43. Bd4 Nf4+ 44. Kg1 Nxd3 45. Bxe5 Ncxe5 0-1

[Event "15. Obert Int. Sant Martí 2013 - B"]
[Site "Barcelona ESP"]
[Date "2013.07.16"]
[Round "4.24"]
[White "Navarro Gutierrez, Andres Camilo"]
[Black "Tortosa Moros, Joan"]
[Result "1-0"]
[WhiteElo "1909"]
[BlackElo "1771"]
[PlyCount "53"]
[EventDate "2013.07.13"]
[EventType "swiss"]
[EventRounds "9"]
[EventCountry "ESP"]
[SourceTitle "Ajedrez en Madrid"]
[Source "lmi"]
[SourceDate "2013.07.13"]
[SourceVersion "1"]
[SourceVersionDate "2019.06.21"]
[SourceQuality "1"]

1. e4 c5 2. Nf3 Nc6 3. g3 g6 4. Bg2 Bg7 5. O-O d6 6. c3 Nf6 7. Re1 Bg4 8. h3
Bxf3 9. Qxf3 Ne5 10. Qe2 Qb6 11. d3 Qa6 12. Rd1 h5 13. f4 Nc6 14. Be3 O-O-O 15.
Nd2 e5 16. Nc4 exf4 17. Bxf4 Ne7 18. e5 Nfd5 19. Nxd6+ Rxd6 20. exd6 Nxf4 21.
Qxe7 Qb6 22. gxf4 Bh6 23. Rf1 Rd8 24. Rae1 Rd7 25. Qe8+ Rd8 26. Qxf7 Qxd6 27.
Qxb7# 1-0

[Event "15. Obert Int. Sant Martí 2013 - B"]
[Site "Barcelona ESP"]
[Date "2013.07.16"]
[Round "4.25"]
[White "Casset Bello, Elena"]
[Black "Pujal Moncho, Joaquim"]
[Result "1/2-1/2"]
[WhiteElo "1908"]
[BlackElo "1768"]
[PlyCount "83"]
[EventDate "2013.07.13"]
[EventType "swiss"]
[EventRounds "9"]
[EventCountry "ESP"]
[SourceTitle "Ajedrez en Madrid"]
[Source "lmi"]
[SourceDate "2013.07.13"]
[SourceVersion "1"]
[SourceVersionDate "2019.06.21"]
[SourceQuality "1"]

1. d4 d5 2. c4 c6 3. Nf3 e6 4. cxd5 cxd5 5. Bf4 Nf6 6. Nc3 Nc6 7. e3 Bb4 8. Bd3
O-O 9. O-O Bd6 10. Bxd6 Qxd6 11. Rc1 Bd7 12. h3 Rac8 13. Qe2 Rfe8 14. Rfd1 a6
15. Bb1 b5 16. b3 Rc7 17. e4 e5 18. dxe5 Nxe5 19. Nxd5 Nxd5 20. Rxc7 Qxc7 21.
exd5 Nxf3+ 22. Qxf3 Qd6 23. Bf5 Bxf5 24. Qxf5 g6 25. Qc2 Rd8 26. Qc3 f5 27. Qe3
Kg7 28. Qc3+ Kg8 29. b4 Kf7 30. Qc5 Kf6 31. Qxd6+ Rxd6 32. f4 Rd7 33. Kf2 Ke7
34. Ke3 Kd6 35. a3 Rc7 36. Rd3 Rc2 37. g3 Rh2 38. h4 Rc2 39. Kf3 h5 40. Ke3 Rc1
41. Kd2 Rc4 42. Ke3 1/2-1/2

[Event "15. Obert Int. Sant Martí 2013 - B"]
[Site "Barcelona ESP"]
[Date "2013.07.16"]
[Round "4.26"]
[White "Delgado Lozano, Ignacio Maria"]
[Black "Torres Maiquez, Sergio"]
[Result "1-0"]
[WhiteElo "1765"]
[BlackElo "1908"]
[PlyCount "47"]
[EventDate "2013.07.13"]
[EventType "swiss"]
[EventRounds "9"]
[EventCountry "ESP"]
[SourceTitle "Ajedrez en Madrid"]
[Source "lmi"]
[SourceDate "2013.07.13"]
[SourceVersion "1"]
[SourceVersionDate "2019.06.21"]
[SourceQuality "1"]

1. Nf3 Nf6 2. g3 d5 3. d4 c5 4. Bg2 Nc6 5. O-O e6 6. c4 Bd6 7. Nc3 O-O 8. cxd5
exd5 9. dxc5 Bxc5 10. Bg5 Be6 11. Rc1 Be7 12. Nd4 Nxd4 13. Qxd4 h6 14. Bf4 Qd7
15. Rfd1 Rfd8 16. a3 Rac8 17. Qxa7 Rc4 18. Qa5 Rxf4 19. gxf4 d4 20. Nb5 Bh3 21.
Rxd4 Qg4 22. Rxd8+ Bxd8 23. Qxd8+ Kh7 24. Qd3+ 1-0

[Event "15. Obert Int. Sant Martí 2013 - B"]
[Site "Barcelona ESP"]
[Date "2013.07.16"]
[Round "4.27"]
[White "Ferres Saez, Joan"]
[Black "Esteban Bruguera, German"]
[Result "0-1"]
[WhiteElo "1752"]
[BlackElo "1896"]
[PlyCount "87"]
[EventDate "2013.07.13"]
[EventType "swiss"]
[EventRounds "9"]
[EventCountry "ESP"]
[SourceTitle "Ajedrez en Madrid"]
[Source "lmi"]
[SourceDate "2013.07.13"]
[SourceVersion "1"]
[SourceVersionDate "2019.06.21"]
[SourceQuality "1"]

1. e4 e6 2. d4 d5 3. e5 c5 4. c3 Nc6 5. Nf3 Qb6 6. a3 c4 7. Nbd2 a5 8. g3 a4 9.
h4 Bd7 10. Ng5 h6 11. Nh3 Nge7 12. Bxc4 Nf5 13. Bd3 g6 14. Nf4 Be7 15. Nf3 Na5
16. Qe2 Nb3 17. Rb1 Ra5 18. O-O g5 19. Nh5 Nxc1 20. Rfxc1 Bb5 21. Qd1 Bc4 22.
Bxf5 exf5 23. Ng7+ Kf8 24. Nxf5 Qe6 25. Nxe7 Kxe7 26. Kg2 Qf5 27. h5 Bd3 28. e6
Be4 29. exf7 g4 30. Kf1 gxf3 31. Ra1 Kxf7 32. c4 Re8 33. Kg1 Qh3 34. Qf1 Qxf1+
35. Kxf1 Bd3+ 36. Kg1 Bxc4 37. Rc3 Be2 38. Rc7+ Re7 39. Rc8 Rb5 40. Rac1 Rxb2
41. Rh8 Bc4 42. Rxh6 Ree2 43. Rf1 Red2 44. Kh2 0-1

[Event "15. Obert Int. Sant Martí 2013 - B"]
[Site "Barcelona ESP"]
[Date "2013.07.16"]
[Round "4.28"]
[White "Tadevosyan, Galust"]
[Black "Bayarri Ponsa, Eduard"]
[Result "1-0"]
[WhiteElo "1732"]
[BlackElo "1878"]
[PlyCount "67"]
[EventDate "2013.07.13"]
[EventType "swiss"]
[EventRounds "9"]
[EventCountry "ESP"]
[SourceTitle "Ajedrez en Madrid"]
[Source "lmi"]
[SourceDate "2013.07.13"]
[SourceVersion "1"]
[SourceVersionDate "2019.06.21"]
[SourceQuality "1"]

1. e4 g6 2. d4 Bg7 3. Be3 d6 4. Nc3 c6 5. f4 Nf6 6. Be2 Qa5 7. Qd2 Ng4 8. Bxg4
Bxg4 9. h3 Bd7 10. Nf3 b5 11. O-O c5 12. dxc5 dxc5 13. Qd5 O-O 14. Bxc5 Bc6 15.
Qb3 Na6 16. Be3 b4 17. Nd5 Rfe8 18. a3 Bxd5 19. exd5 Nc7 20. Rfd1 bxa3 21. Rxa3
Qb5 22. Qxb5 Nxb5 23. Rb3 Nd6 24. Ne5 Rec8 25. Nc6 Kf8 26. Bc5 a5 27. c3 a4 28.
Rb6 Nc4 29. Rb7 Nd6 30. Rxe7 Rxc6 31. dxc6 Kxe7 32. Rxd6 Ke8 33. c7 Bf8 34.
Rd8+ 1-0

[Event "15. Obert Int. Sant Martí 2013 - B"]
[Site "Barcelona ESP"]
[Date "2013.07.16"]
[Round "4.29"]
[White "Sequera Morales, Genesis G."]
[Black "Julia Yebra, David"]
[Result "0-1"]
[WhiteElo "1726"]
[BlackElo "1873"]
[PlyCount "84"]
[EventDate "2013.07.13"]
[EventType "swiss"]
[EventRounds "9"]
[EventCountry "ESP"]
[SourceTitle "Ajedrez en Madrid"]
[Source "lmi"]
[SourceDate "2013.07.13"]
[SourceVersion "1"]
[SourceVersionDate "2019.06.21"]
[SourceQuality "1"]

1. e4 d6 2. d4 Nf6 3. Nc3 c6 4. Nf3 Qa5 5. Bd2 e5 6. dxe5 dxe5 7. a4 Nbd7 8.
Bc4 h6 9. O-O Qc7 10. Be3 Nc5 11. Nd2 Bg4 12. f3 Bh5 13. Qe1 Be7 14. Kh1 g5 15.
Qf2 Ncd7 16. Bxa7 Rxa7 17. Qxa7 Bc5 18. Qa8+ Nb8 19. a5 O-O 20. a6 Nxa6 21.
Qxf8+ Kxf8 22. Bxa6 bxa6 23. Rxa6 Bd4 24. Nc4 Qb7 25. Rfa1 g4 26. fxg4 Bxg4 27.
R6a5 Be6 28. Ra8+ Kg7 29. Nd6 Qxb2 30. Ne2 Bc5 31. Nf5+ Bxf5 32. exf5 Ng4 33.
h3 Nf2+ 34. Kh2 e4 35. R8a2 Qe5+ 36. g3 Qxf5 37. Nf4 e3 38. c4 Nd3 39. Rf1 Nxf4
40. Rxf4 Qd3 41. Rf3 Qd1 42. Ra6 Qxf3 0-1

[Event "15. Obert Int. Sant Martí 2013 - B"]
[Site "Barcelona ESP"]
[Date "2013.07.16"]
[Round "4.30"]
[White "Pascual Gonzalez-Novelles, Carles"]
[Black "Muratet Casadevall, Jordi"]
[Result "1-0"]
[WhiteElo "1873"]
[BlackElo "1734"]
[PlyCount "119"]
[EventDate "2013.07.13"]
[EventType "swiss"]
[EventRounds "9"]
[EventCountry "ESP"]
[SourceTitle "Ajedrez en Madrid"]
[Source "lmi"]
[SourceDate "2013.07.13"]
[SourceVersion "1"]
[SourceVersionDate "2019.06.21"]
[SourceQuality "1"]

1. e4 e5 2. Nf3 Nc6 3. Bc4 Nf6 4. d3 Be7 5. c3 d6 6. h3 h6 7. Be3 O-O 8. O-O
Bd7 9. b4 a6 10. a4 Qc8 11. Nbd2 Re8 12. d4 exd4 13. cxd4 Nxb4 14. Qb3 d5 15.
exd5 b5 16. d6 bxc4 17. Qxb4 Bxd6 18. Qxc4 Be6 19. Qc2 Nd5 20. Nc4 Nxe3 21.
fxe3 Bxc4 22. Qxc4 Rxe3 23. Ne5 Bxe5 24. Rxf7 Bh2+ 25. Kxh2 Qe6 26. Qxe6 Rxe6
27. Rxc7 Rd6 28. Re1 Rxd4 29. Ree7 Rxa4 30. Rxg7+ Kh8 31. Rh7+ Kg8 32. Rxh6 a5
33. Rch7 Rf8 34. Ra7 Rf7 35. Rha6 Rxa7 36. Rxa7 Ra3 37. h4 a4 38. g3 Ra2+ 39.
Kh3 a3 40. Kg4 Ra1 41. Kg5 a2 42. Kg6 Kf8 43. g4 Rg1 44. Rxa2 Rxg4+ 45. Kh5 Rg1
46. Kh6 Kf7 47. Ra6 Rg8 48. Ra7+ Kf6 49. Kh7 Rf8 50. Ra6+ Kf7 51. h5 Re8 52. h6
Rd8 53. Ra7+ Kf6 54. Rg7 Rf8 55. Rg8 Rf7+ 56. Kh8 Kf5 57. h7 Kf6 58. Ra8 Ke7
59. Kg8 Rf3 60. Ra7+ 1-0

[Event "15. Obert Int. Sant Martí 2013 - B"]
[Site "Barcelona ESP"]
[Date "2013.07.16"]
[Round "4.31"]
[White "Sanchez Paz, Josep"]
[Black "De La Fuente Clemente, Constantino"]
[Result "0-1"]
[WhiteElo "1710"]
[BlackElo "1850"]
[PlyCount "90"]
[EventDate "2013.07.13"]
[EventType "swiss"]
[EventRounds "9"]
[EventCountry "ESP"]
[SourceTitle "Ajedrez en Madrid"]
[Source "lmi"]
[SourceDate "2013.07.13"]
[SourceVersion "1"]
[SourceVersionDate "2019.06.21"]
[SourceQuality "1"]

1. d4 Nf6 2. c4 g6 3. Nc3 d5 4. cxd5 Nxd5 5. e4 Nxc3 6. bxc3 Bg7 7. Bc4 c5 8.
Qb3 O-O 9. d5 Nd7 10. f4 Nb6 11. Be2 e6 12. Ba3 Qf6 13. Rd1 Bd7 14. Bxc5 Ba4
15. Bd4 Qxf4 16. Qb1 Bxd1 17. Kxd1 Bh6 18. Nf3 exd5 19. e5 Na4 20. g3 Qg4 21.
Nh4 Qc8 22. Qb4 Nb6 23. a3 Nc4 24. Ng2 a5 25. Qb1 Nd2 26. Qd3 Qc7 27. Nf4 Bxf4
28. gxf4 Nc4 29. Qf3 Rad8 30. f5 Nxe5 31. Qf4 f6 32. Rg1 g5 33. Bxe5 Qxe5 34.
Rxg5+ Kh8 35. Qxe5 fxe5 36. f6 e4 37. Rf5 Rd6 38. f7 Kg7 39. Bh5 b6 40. Ke2 d4
41. cxd4 Rxd4 42. Ke3 Rd3+ 43. Kxe4 Rxa3 44. Bg4 Ra4+ 45. Kf3 Rxf7 0-1

[Event "15. Obert Int. Sant Martí 2013 - B"]
[Site "Barcelona ESP"]
[Date "2013.07.16"]
[Round "4.32"]
[White "Vigier Lopez, Carlos"]
[Black "Abascal Vicente, Ignacio"]
[Result "1-0"]
[WhiteElo "1830"]
[BlackElo "1715"]
[PlyCount "105"]
[EventDate "2013.07.13"]
[EventType "swiss"]
[EventRounds "9"]
[EventCountry "ESP"]
[SourceTitle "Ajedrez en Madrid"]
[Source "lmi"]
[SourceDate "2013.07.13"]
[SourceVersion "1"]
[SourceVersionDate "2019.06.21"]
[SourceQuality "1"]

1. e4 e5 2. Nf3 Nc6 3. Bb5 a6 4. Ba4 Nf6 5. O-O b5 6. Bb3 d6 7. Re1 Be7 8. c3
Na5 9. Bc2 c5 10. h3 Bb7 11. d4 exd4 12. cxd4 Nc6 13. Nc3 O-O 14. d5 Ne5 15.
Bf4 Nfd7 16. Nxe5 Nxe5 17. Qh5 Bf6 18. Rad1 Qe7 19. Bc1 g6 20. Qe2 Rfe8 21. f4
Nd7 22. Qg4 Bc8 23. Qf3 Bb7 24. Ne2 Rad8 25. Ng3 Bc8 26. Nh1 Nf8 27. Nf2 h5 28.
b3 b4 29. Nd3 Bd4+ 30. Kh1 Qf6 31. Be3 Bc3 32. Re2 a5 33. Bd2 Bd4 34. Rde1 Ba6
35. Qg3 c4 36. bxc4 Bxc4 37. Bb3 Bb5 38. e5 Qf5 39. Bc2 dxe5 40. fxe5 Qc8 41.
Rc1 Bb2 42. Nxb2 Bxe2 43. Bd3 Qb7 44. Bxe2 Qxd5 45. Bg5 Rxe5 46. Bxd8 Rxe2 47.
Bf6 Qxa2 48. Qf4 Qd5 49. Qf3 Qxf3 50. gxf3 Re6 51. Bd4 Ra6 52. Na4 Ne6 53. Rc8+
1-0

[Event "15. Obert Int. Sant Martí 2013 - B"]
[Site "Barcelona ESP"]
[Date "2013.07.16"]
[Round "4.33"]
[White "Torrents Senal, Marc"]
[Black "Terrones Hernandez, Jonathan"]
[Result "1-0"]
[WhiteElo "1829"]
[BlackElo "1711"]
[PlyCount "119"]
[EventDate "2013.07.13"]
[EventType "swiss"]
[EventRounds "9"]
[EventCountry "ESP"]
[SourceTitle "Ajedrez en Madrid"]
[Source "lmi"]
[SourceDate "2013.07.13"]
[SourceVersion "1"]
[SourceVersionDate "2019.06.21"]
[SourceQuality "1"]

1. d4 d5 2. c4 e6 3. Nc3 Nf6 4. Bf4 c6 5. e3 Nbd7 6. Nf3 Bb4 7. Rc1 Qa5 8. Qb3
O-O 9. a3 Bxc3+ 10. Qxc3 Qxc3+ 11. Rxc3 Ne4 12. Rc2 Re8 13. Bd3 f6 14. cxd5
exd5 15. h3 Nf8 16. Bxe4 dxe4 17. Nd2 Be6 18. O-O Bd5 19. Rfc1 g5 20. Bh2 Ng6
21. Rc5 f5 22. a4 f4 23. Nb1 Rf8 24. b4 a6 25. a5 h5 26. Nc3 Ne7 27. Na4 Rad8
28. Re1 Nc8 29. Rcc1 Kh7 30. Nc5 Nd6 31. h4 fxe3 32. fxe3 Rf7 33. Bxd6 Rxd6 34.
hxg5 Rg6 35. Rf1 Rfg7 36. Rf5 h4 37. Rcf1 h3 38. gxh3 Rxg5+ 39. Rxg5 Rxg5+ 40.
Kh2 Rg7 41. Rf4 Re7 42. Kg3 Kh6 43. Na4 Rg7+ 44. Kf2 Kh5 45. Nc3 Be6 46. h4 Bh3
47. Nxe4 Rg2+ 48. Kf3 Rb2 49. Nf6+ Kg6 50. d5 Bg2+ 51. Kg4 Bxd5 52. Nxd5 cxd5
53. Rd4 Rb3 54. Kf4 Kh5 55. Ke5 Rxe3+ 56. Kxd5 Rg3 57. Kc5 Rg6 58. Rd6 Rg4 59.
Rd5+ Kg6 60. Rg5+ 1-0

[Event "15. Obert Int. Sant Martí 2013 - B"]
[Site "Barcelona ESP"]
[Date "2013.07.16"]
[Round "4.35"]
[White "Albert Cristobal, Jorge"]
[Black "Riu Lopez, Sergi"]
[Result "1-0"]
[WhiteElo "1802"]
[BlackElo "1503"]
[PlyCount "97"]
[EventDate "2013.07.13"]
[EventType "swiss"]
[EventRounds "9"]
[EventCountry "ESP"]
[SourceTitle "Ajedrez en Madrid"]
[Source "lmi"]
[SourceDate "2013.07.13"]
[SourceVersion "1"]
[SourceVersionDate "2019.06.21"]
[SourceQuality "1"]

1. e4 e5 2. d4 exd4 3. Qxd4 Nc6 4. Qe3 Nf6 5. Nc3 Bb4 6. Bd2 O-O 7. O-O-O Re8
8. Qg3 Nxe4 9. Nxe4 Rxe4 10. c3 Be7 11. f4 d6 12. Bd3 Bh4 13. Qf3 Ra4 14. Kb1
Be6 15. a3 Qd7 16. h3 g6 17. g4 Bf6 18. Ne2 Re8 19. Rhg1 Ra5 20. Ng3 Bd5 21.
Qf2 a6 22. f5 Bg7 23. f6 Bb3 24. Rde1 Rxe1+ 25. Rxe1 Bh8 26. g5 Ne5 27. Bf1 Be6
28. h4 Ng4 29. Qa7 Qc8 30. Bh3 Re5 31. Rxe5 dxe5 32. Qg1 h6 33. Ne4 Bf5 34. Ka1
hxg5 35. hxg5 Bxe4 36. Bxg4 Bf5 37. Be2 Qd7 38. Qe3 Qd5 39. c4 Qh1+ 40. Bc1 c6
41. Ka2 e4 42. Qf4 Qg2 43. Bd1 Qg1 44. Bb3 b5 45. Be3 Qe1 46. cxb5 cxb5 47.
Qb8+ Kh7 48. Bxf7 Qxe3 49. Qg8# 1-0

[Event "15. Obert Int. Sant Martí 2013 - B"]
[Site "Barcelona ESP"]
[Date "2013.07.16"]
[Round "4.36"]
[White "Romero Gamez, Francisco Javier"]
[Black "Peiron Lluch, Jose Daniel"]
[Result "0-1"]
[WhiteElo "1683"]
[BlackElo "1798"]
[PlyCount "44"]
[EventDate "2013.07.13"]
[EventType "swiss"]
[EventRounds "9"]
[EventCountry "ESP"]
[SourceTitle "Ajedrez en Madrid"]
[Source "lmi"]
[SourceDate "2013.07.13"]
[SourceVersion "1"]
[SourceVersionDate "2019.06.21"]
[SourceQuality "1"]

1. e4 d5 2. exd5 Nf6 3. Nc3 Nxd5 4. Nf3 Bg4 5. Bc4 e6 6. O-O Be7 7. d4 O-O 8.
Bxd5 exd5 9. Re1 Bf6 10. h3 Bf5 11. Ne2 Nd7 12. Ng3 Bg6 13. c3 c6 14. Bf4 Qb6
15. Qb3 Rfe8 16. Qxb6 Nxb6 17. Be5 Be7 18. Nd2 Na4 19. b3 Nxc3 20. Re3 Nb5 21.
Rae1 f6 22. a4 Na3 0-1

[Event "15. Obert Int. Sant Martí 2013 - B"]
[Site "Barcelona ESP"]
[Date "2013.07.16"]
[Round "4.37"]
[White "Velasco Rebezon, Daniela"]
[Black "Roig Ruiz, Carles"]
[Result "0-1"]
[WhiteElo "1651"]
[BlackElo "1798"]
[PlyCount "112"]
[EventDate "2013.07.13"]
[EventType "swiss"]
[EventRounds "9"]
[EventCountry "ESP"]
[SourceTitle "Ajedrez en Madrid"]
[Source "lmi"]
[SourceDate "2013.07.13"]
[SourceVersion "1"]
[SourceVersionDate "2019.06.21"]
[SourceQuality "1"]

1. d4 g6 2. e3 Bg7 3. Nf3 d5 4. c4 c6 5. Nc3 e6 6. b3 f5 7. Bb2 Nf6 8. Ne5 Nbd7
9. Nxd7 Bxd7 10. f3 O-O 11. Bd3 Nh5 12. O-O f4 13. exf4 Bxd4+ 14. Kh1 Qh4 15.
Qe1 Qxe1 16. Raxe1 Nxf4 17. Bc2 Rae8 18. Na4 Bxb2 19. Nxb2 e5 20. g3 Nh5 21.
Bb1 Bf5 22. Bxf5 gxf5 23. Nd3 e4 24. fxe4 dxe4 25. Nf4 Nf6 26. h3 Rf7 27. Ne2
Ref8 28. Rxf5 Nd7 29. Rxf7 Rxf7 30. Nf4 Nf6 31. Kg2 Rd7 32. Re2 Kf7 33. g4 h6
34. Kg3 Rd1 35. h4 Rf1 36. Re3 Rg1+ 37. Ng2 Ke6 38. g5 hxg5 39. hxg5 Nh5+ 40.
Kf2 Ra1 41. Rxe4+ Kf5 42. Re2 Kxg5 43. Re5+ Kh6 44. Re6+ Kg7 45. a4 Ra2+ 46.
Kf3 Rxg2 47. Kxg2 Nf4+ 48. Kf3 Nxe6 49. Ke3 Kf6 50. b4 Ke5 51. Kd3 b6 52. Kc3
Ke4 53. a5 b5 54. c5 Nc7 55. Kc2 Kd4 56. Kb3 Kd3 0-1

[Event "15. Obert Int. Sant Martí 2013 - B"]
[Site "Barcelona ESP"]
[Date "2013.07.16"]
[Round "4.39"]
[White "Riu Lopez, Daniel"]
[Black "Cartro Turu, Gabriel"]
[Result "1-0"]
[WhiteElo "1691"]
[BlackElo "1944"]
[PlyCount "115"]
[EventDate "2013.07.13"]
[EventType "swiss"]
[EventRounds "9"]
[EventCountry "ESP"]
[SourceTitle "Ajedrez en Madrid"]
[Source "lmi"]
[SourceDate "2013.07.13"]
[SourceVersion "1"]
[SourceVersionDate "2019.06.21"]
[SourceQuality "1"]

1. e4 d5 2. exd5 Qxd5 3. Nc3 Qa5 4. d4 e5 5. dxe5 Bb4 6. Bd2 Nc6 7. f4 Be6 8.
a3 Nd4 9. Bd3 Bxc3 10. Bxc3 Qd5 11. Nf3 Nxf3+ 12. Qxf3 Qxf3 13. gxf3 Ne7 14.
O-O-O O-O-O 15. Be4 Rxd1+ 16. Rxd1 c6 17. Bd4 b6 18. Bf2 g6 19. a4 Kc7 20. a5
Nd5 21. axb6+ axb6 22. Bg3 Ra8 23. Bxd5 Ra1+ 24. Kd2 Rxd1+ 25. Kxd1 Bxd5 26.
Ke2 Kd7 27. f5 gxf5 28. f4 Ke6 29. Bh4 b5 30. Bf6 Be4 31. c3 Kd5 32. b3 Bc2 33.
b4 Kc4 34. Ke3 c5 35. bxc5 Kxc5 36. Kf2 Bd1 37. Kg3 Bh5 38. Kh4 Bg6 39. Kg5 Kd5
40. h4 h5 41. Kh6 Ke6 42. Kg7 Kd7 43. Kf8 Ke6 44. Ke8 Bh7 45. Kd8 Bg6 46. Kc7
Kd5 47. Kb6 Kc4 48. Kc6 b4 49. cxb4 Kxb4 50. Kd6 Kc4 51. Bg5 Kd4 52. Ke7 Kd5
53. Kf6 Kc6 54. e6 fxe6 55. Kxg6 Kd5 56. Kxh5 e5 57. fxe5 Kxe5 58. Kg6 1-0

[Event "15. Obert Int. Sant Martí 2013 - B"]
[Site "Barcelona ESP"]
[Date "2013.07.16"]
[Round "4.40"]
[White "Poyato Duran, David"]
[Black "Beaskoa Estany, Gabriel"]
[Result "1/2-1/2"]
[WhiteElo "1656"]
[BlackElo "1930"]
[PlyCount "150"]
[EventDate "2013.07.13"]
[EventType "swiss"]
[EventRounds "9"]
[EventCountry "ESP"]
[SourceTitle "Ajedrez en Madrid"]
[Source "lmi"]
[SourceDate "2013.07.13"]
[SourceVersion "1"]
[SourceVersionDate "2019.06.21"]
[SourceQuality "1"]

1. d4 d5 2. c4 c6 3. Nc3 Nf6 4. Bg5 e6 5. e3 Nbd7 6. Nf3 Qa5 7. Bxf6 Nxf6 8.
Nd2 Be7 9. Bd3 Bd7 10. O-O a6 11. c5 b5 12. cxb6 Qxb6 13. Na4 Qc7 14. Rc1 O-O
15. Nf3 Bd6 16. Rc3 h6 17. h3 Rfb8 18. a3 a5 19. Qc2 Be8 20. Nc5 Rb6 21. Na4
Rb7 22. Nc5 Rba7 23. Na4 Rc8 24. Rc1 Qb8 25. Nc5 Qa8 26. Na4 Nd7 27. Rxc6 Rac7
28. Rxc7 Rxc7 29. Qd1 Rxc1 30. Qxc1 Qb8 31. Qc2 Qc7 32. Qxc7 Bxc7 33. Nc5 Nb6
34. Nd2 Kf8 35. Kf1 Ke7 36. Ke2 Bc6 37. Ndb3 Nc4 38. Bxc4 dxc4 39. Nd2 Bxg2 40.
h4 e5 41. dxe5 c3 42. bxc3 Bxe5 43. c4 Bd6 44. Ncb3 Bxa3 45. Nxa5 Bb4 46. Nab3
Bh3 47. Nd4 Bd7 48. N2f3 Kd6 49. Kd3 Ba5 50. Ng1 Bd8 51. Ngf3 f6 52. Ke4 Kc5
53. Nf5 Bc6+ 54. Kf4 g5+ 55. hxg5 hxg5+ 56. Kg4 Kxc4 57. N3d4 Bd7 58. Kf3 Kd5
59. Ng3 Ke5 60. Ke2 Be7 61. Nf3+ Kd6 62. Nd4 Kd5 63. Ngf5 Bc5 64. Kd3 Bc8 65.
Ng3 Ba6+ 66. Kc3 Bd6 67. Ndf5 Be5+ 68. Kd2 Bc7 69. Nd4 Ba5+ 70. Kc2 Be1 71. Nh5
Bxf2 72. Nxf6+ Kc4 73. Kd2 Bg3 74. Ne4 Be5 75. Nxg5 Bxd4 1/2-1/2